000
00318nam a22001337a 4500
008
170630b xxu||||| |||| 00| 0 eng d
020
_a
9781563050510
041
_a
eng
080
_a
82
100
_a
22
101
_a
GJL
245
_a
THE NPR GUIDE TO BUILDING A CLASSICAL CD COLLECTION
_c
LIBBEY,T
942
_2
udc
_c
BK
999
_c
19725
_d
19725